Plan Nacional de Alfabetizaciòn Quisqueya Aprende Contigo 2012-2014 (Record no. 12245)

MARC details
000 -LEADER
campo de control de longitud fija 00419nam a2200133Ia 4500
001 - NÚMERO DE CONTROL
campo de control 2967
008 - DATOS DE LONGITUD FIJA--INFORMACIÓN GENERAL
campo de control de longitud fija 241024s9999 xx 000 0 und d
082 ## - NÚMERO DE LA CLASIFICACIÓN DECIMAL DEWEY
Número de clasificación [*SIN CLASIFICACION*]
100 ## - ENTRADA PRINCIPAL--NOMBRE DE PERSONA
Nombre de persona Plan Nacional de Alfabetizaciòn Quisqueya Aprende Contigo
245 #0 - MENCIÓN DEL TÍTULO
Título Plan Nacional de Alfabetizaciòn Quisqueya Aprende Contigo 2012-2014
260 ## - PUBLICACIÓN, DISTRIBUCIÓN, ETC.
Nombre del editor, distribuidor, etc. Santo Domingo
Fecha de publicación, distribución, etc. 2013
901 ## - ELEMENTOS DE DATOS A LOCAL LDA (RLIN)
a 5/7/2013 11:14:50 a.m.

No items available.

© 2024. Todos los Derechos Reservados. Desarrollado por IDEICE